[Event "DEM U16 2024"]
[Site "Willingen GER"]
[Date "2024.05.22"]
[Round "5"]
[White "Mester, Philipp"]
[Black "Göpfert, Gregor"]
[Result "1-0"]
[Termination "normal"]
[Board "11"]
[WhiteElo "1975"]
[BlackElo "1732"]
[WhiteClock "00:05:35"]
[BlackClock "00:00:31"]
[PlyCount "79"]
[WhiteFideId "34624902"]
[BlackFideId "34603964"]
[EventCountry "GER"]
[EventRounds "9"]
[EventType "swiss"]
[EventDate "2024.05.18"]

1. f4 {[%clk 01:30:27]} {[%emt 00:00:32]} d5 {[%clk 01:29:29]} {[%emt
00:01:32]} 2. Nf3 {[%clk 01:30:50]} {[%emt 00:00:07]} c5 {[%clk 01:28:27]}
{[%emt 00:01:32]} 3. g3 {[%clk 01:31:10]} {[%emt 00:00:10]} Nc6 {[%clk
01:28:03]} {[%emt 00:00:54]} 4. Bg2 {[%clk 01:31:33]} {[%emt 00:00:07]} Nf6
{[%clk 01:27:14]} {[%emt 00:01:20]} 5. d3 {[%clk 01:31:47]} {[%emt 00:00:16]}
e6 {[%clk 01:21:49]} {[%emt 00:05:55]} 6. O-O {[%clk 01:32:00]} {[%emt
00:00:17]} b6 {[%clk 01:20:50]} {[%emt 00:01:29]} 7. Nc3 {[%clk 01:13:15]}
{[%emt 00:19:14]} Bb7 {[%clk 01:17:49]} {[%emt 00:03:31]} 8. Ne5 {[%clk
01:10:18]} {[%emt 00:03:27]} Bd6 {[%clk 01:10:57]} {[%emt 00:07:23]} 9. Nxc6
{[%clk 01:09:11]} {[%emt 00:01:36]} Bxc6 {[%clk 01:11:12]} {[%emt 00:00:15]}
10. e4 {[%clk 01:09:22]} {[%emt 00:00:20]} d4 {[%clk 01:01:58]} {[%emt
00:09:44]} 11. Nb1 {[%clk 01:04:44]} {[%emt 00:05:07]} Be7 {[%clk 00:57:30]}
{[%emt 00:04:58]} 12. Nd2 {[%clk 01:01:27]} {[%emt 00:03:47]} Qc7 {[%clk
00:53:05]} {[%emt 00:04:55]} 13. Nc4 {[%clk 00:55:24]} {[%emt 00:06:33]} Bb7
{[%clk 00:48:50]} {[%emt 00:04:45]} 14. a4 {[%clk 00:54:05]} {[%emt 00:01:50]}
O-O-O {[%clk 00:46:58]} {[%emt 00:02:21]} 15. a5 {[%clk 00:50:04]} {[%emt
00:04:32]} b5 {[%clk 00:45:44]} {[%emt 00:01:43]} 16. a6 {[%clk 00:48:40]}
{[%emt 00:01:55]} Ba8 {[%clk 00:43:51]} {[%emt 00:02:23]} 17. Ne5 {[%clk
00:45:17]} {[%emt 00:03:52]} Bd6 {[%clk 00:38:28]} {[%emt 00:05:53]} 18. Bd2
{[%clk 00:44:31]} {[%emt 00:01:16]} Rdf8 {[%clk 00:36:23]} {[%emt 00:02:35]}
19. Ra5 {[%clk 00:42:23]} {[%emt 00:02:39]} Qb6 {[%clk 00:33:27]} {[%emt
00:03:25]} 20. b4 {[%clk 00:28:46]} {[%emt 00:14:08]} Ne8 {[%clk 00:25:15]}
{[%emt 00:08:42]} 21. bxc5 {[%clk 00:25:47]} {[%emt 00:03:29]} Bxc5 {[%clk
00:25:25]} {[%emt 00:00:19]} 22. Qa1 {[%clk 00:25:32]} {[%emt 00:00:45]} Nc7
{[%clk 00:24:35]} {[%emt 00:01:21]} 23. Rb1 {[%clk 00:25:02]} {[%emt 00:01:00]}
f6 {[%clk 00:22:56]} {[%emt 00:02:09]} 24. Nc4 {[%clk 00:23:12]} {[%emt
00:02:20]} Qc6 {[%clk 00:22:48]} {[%emt 00:00:38]} 25. Na3 {[%clk 00:16:25]}
{[%emt 00:07:17]} Bb6 {[%clk 00:21:18]} {[%emt 00:02:00]} 26. Nxb5 {[%clk
00:16:34]} {[%emt 00:00:22]} Qxc2 {[%clk 00:17:33]} {[%emt 00:04:15]} 27. Rb2
{[%clk 00:12:37]} {[%emt 00:04:27]} Qxd3 {[%clk 00:12:39]} {[%emt 00:05:24]}
28. Ra3 {[%clk 00:12:51]} {[%emt 00:00:16]} Qxb5 {[%clk 00:09:51]} {[%emt
00:03:18]} 29. Rxb5 {[%clk 00:13:15]} {[%emt 00:00:06]} Nxb5 {[%clk 00:10:07]}
{[%emt 00:00:14]} 30. Rb3 {[%clk 00:13:14]} {[%emt 00:00:30]} Nc3 {[%clk
00:07:50]} {[%emt 00:02:47]} 31. Bxc3 {[%clk 00:12:45]} {[%emt 00:00:59]} dxc3+
{[%clk 00:08:13]} {[%emt 00:00:07]} 32. Kf1 {[%clk 00:12:57]} {[%emt 00:00:16]}
Rf7 {[%clk 00:07:48]} {[%emt 00:00:56]} 33. Rxc3+ {[%clk 00:12:09]} {[%emt
00:01:19]} Kb8 {[%emt 00:02:17]} 34. Qa2 {[%clk 00:11:46]} {[%emt 00:00:49]}
Re8 {[%clk 00:04:50]} {[%emt 00:01:44]} 35. Qa4 {[%clk 00:10:47]} {[%emt
00:01:30]} Rfe7 {[%clk 00:03:53]} {[%emt 00:01:27]} 36. Bf3 {[%clk 00:08:44]}
{[%emt 00:02:33]} e5 {[%clk 00:03:49]} {[%emt 00:00:35]} 37. fxe5 {[%clk
00:05:26]} {[%emt 00:03:48]} Rxe5 {[%clk 00:03:50]} {[%emt 00:00:28]} 38. Qd7
{[%clk 00:05:39]} {[%emt 00:00:15]} R5e6 {[%clk 00:00:42]} {[%emt 00:03:39]}
39. Bg4 {[%clk 00:05:26]} {[%emt 00:00:42]} Bxe4 {[%clk 00:00:31]} {[%emt
00:00:42]} 40. Bxe6 {[%clk 00:05:35]} {[%emt 00:00:21]} 1-0

[Event "DEM U16 2024"]
[Site "Willingen GER"]
[Date "2024.05.22"]
[Round "5"]
[White "Wunderlich, Elias"]
[Black "Mader, Fabian"]
[Result "1-0"]
[Termination "normal"]
[Board "12"]
[WhiteElo "2007"]
[BlackElo "1984"]
[WhiteClock "00:17:25"]
[BlackClock "00:22:02"]
[PlyCount "111"]
[WhiteFideId "34608087"]
[BlackFideId "16265866"]
[EventCountry "GER"]
[EventRounds "9"]
[EventType "swiss"]
[EventDate "2024.05.18"]

1. e4 {[%clk 01:30:59]} {[%emt 18:08:19]} c5 {[%clk 01:30:54]} {[%emt
00:00:06]} 2. c3 {[%clk 01:31:26]} {[%emt 00:00:03]} Nf6 {[%clk 01:31:15]}
{[%emt 00:00:09]} 3. e5 {[%clk 01:31:53]} {[%emt 00:00:04]} Nd5 {[%clk
01:31:39]} {[%emt 00:00:06]} 4. Nf3 {[%clk 01:32:13]} {[%emt 00:00:10]} Nc6
{[%clk 01:31:40]} {[%emt 00:00:29]} 5. Bc4 {[%clk 01:32:35]} {[%emt 00:00:07]}
Nb6 {[%clk 01:31:55]} {[%emt 00:00:15]} 6. Bb3 {[%clk 01:32:37]} {[%emt
00:00:29]} c4 {[%clk 01:31:47]} {[%emt 00:00:39]} 7. Bc2 {[%clk 01:33:05]}
{[%emt 00:00:02]} d5 {[%clk 01:32:01]} {[%emt 00:00:15]} 8. exd6 {[%clk
01:33:19]} {[%emt 00:00:16]} Qxd6 {[%clk 01:32:24]} {[%emt 00:00:07]} 9. O-O
{[%clk 01:33:42]} {[%emt 00:00:07]} Bg4 {[%clk 01:32:09]} {[%emt 00:00:45]} 10.
h3 {[%clk 01:34:11]} {[%emt 00:00:02]} Bh5 {[%clk 01:32:32]} {[%emt 00:00:07]}
11. Re1 {[%clk 01:34:36]} {[%emt 00:00:05]} O-O-O {[%clk 01:30:54]} {[%emt
00:02:08]} 12. b3 {[%clk 01:34:58]} {[%emt 00:00:08]} e6 {[%clk 01:21:28]}
{[%emt 00:09:56]} 13. Na3 {[%clk 01:35:05]} {[%emt 00:00:23]} f5 {[%clk
01:18:40]} {[%emt 00:03:19]} 14. Qe2 {[%clk 01:32:02]} {[%emt 00:03:33]} Re8
{[%clk 01:14:38]} {[%emt 00:04:32]} 15. Nxc4 {[%clk 01:31:44]} {[%emt
00:00:47]} Nxc4 {[%clk 01:14:15]} {[%emt 00:00:53]} 16. Qxc4 {[%clk 01:30:32]}
{[%emt 00:01:43]} Bxf3 {[%clk 01:09:49]} {[%emt 00:04:55]} 17. gxf3 {[%clk
01:30:27]} {[%emt 00:00:35]} g6 {[%clk 01:09:14]} {[%emt 00:01:05]} 18. d4
{[%clk 01:30:41]} {[%emt 00:00:17]} Bg7 {[%clk 01:07:42]} {[%emt 00:02:02]} 19.
a4 {[%clk 01:04:07]} {[%emt 00:27:04]} g5 {[%clk 00:49:32]} {[%emt 00:18:39]}
20. a5 {[%clk 00:52:23]} {[%emt 00:12:15]} g4 {[%clk 00:32:51]} {[%emt
00:17:10]} 21. fxg4 {[%clk 00:52:25]} {[%emt 00:00:28]} fxg4 {[%clk 00:32:23]}
{[%emt 00:00:58]} 22. hxg4 {[%clk 00:52:38]} {[%emt 00:00:16]} h5 {[%clk
00:22:46]} {[%emt 00:10:07]} 23. g5 {[%clk 00:37:33]} {[%emt 00:15:35]} Kb8
{[%clk 00:13:33]} {[%emt 00:09:43]} 24. Be3 {[%clk 00:37:20]} {[%emt 00:00:42]}
Ref8 {[%clk 00:07:03]} {[%emt 00:07:01]} 25. Be4 {[%clk 00:36:59]} {[%emt
00:00:51]} Ne7 {[%clk 00:05:48]} {[%emt 00:01:44]} 26. a6 {[%clk 00:28:37]}
{[%emt 00:08:53]} b6 {[%clk 00:05:18]} {[%emt 00:01:00]} 27. Qd3 {[%clk
00:27:33]} {[%emt 00:01:34]} h4 {[%clk 00:04:24]} {[%emt 00:01:24]} 28. Bh1
{[%clk 00:27:08]} {[%emt 00:00:54]} Be5 {[%clk 00:00:35]} {[%emt 00:04:20]} 29.
Qe4 {[%clk 00:27:08]} {[%emt 00:00:30]} Bh2+ {[%clk 00:01:00]} {[%emt
00:00:05]} 30. Kf1 {[%clk 00:27:28]} {[%emt 00:00:09]} Qd5 {[%clk 00:00:38]}
{[%emt 00:00:53]} 31. Qxd5 {[%clk 00:27:09]} {[%emt 00:00:49]} Nxd5 {[%clk
00:00:58]} {[%emt 00:00:10]} 32. Bd2 {[%clk 00:22:11]} {[%emt 00:05:28]} Rf7
{[%clk 00:00:42]} {[%emt 00:00:46]} 33. Rxe6 {[%clk 00:21:16]} {[%emt
00:01:25]} Rhf8 {[%clk 00:01:00]} {[%emt 00:00:13]} 34. f3 {[%clk 00:20:48]}
{[%emt 00:00:59]} Kc7 {[%clk 00:00:38]} {[%emt 00:00:51]} 35. Rh6 {[%clk
00:20:34]} {[%emt 00:00:43]} Bf4 {[%clk 00:00:39]} {[%emt 00:00:30]} 36. Bxf4+
{[%clk 00:18:40]} {[%emt 00:02:24]} Rxf4 {[%clk 00:01:02]} {[%emt 00:00:06]}
37. Re1 {[%clk 00:18:24]} {[%emt 00:00:46]} Kd7 {[%clk 00:00:45]} {[%emt
00:00:47]} 38. c4 {[%clk 00:08:46]} {[%emt 00:10:08]} Nb4 {[%clk 00:01:00]}
{[%emt 00:00:15]} 39. d5 {[%clk 00:08:51]} {[%emt 00:00:26]} Nxa6 {[%clk
00:01:00]} {[%emt 00:00:29]} 40. Ra1 {[%clk 00:09:06]} {[%emt 00:00:15]} Nc5
{[%clk 00:00:50]} {[%emt 00:00:41]} 41. Rxa7+ {[%clk 00:09:25]} {[%emt
00:00:10]} Kc8 {[%clk 00:28:44]} {[%emt 00:02:36]} 42. Rxb6 {[%clk 00:37:40]}
{[%emt 00:02:15]} Ne4 {[%clk 00:27:58]} {[%emt 00:01:15]} 43. Ra8+ {[%clk
00:36:57]} {[%emt 00:01:13]} Kc7 {[%clk 00:27:29]} {[%emt 00:01:00]} 44. Rxf8
{[%clk 00:36:19]} {[%emt 00:01:08]} Rxf8 {[%clk 00:27:51]} {[%emt 00:00:08]}
45. Rh6 {[%clk 00:28:32]} {[%emt 00:08:16]} Nxg5 {[%clk 00:26:22]} {[%emt
00:01:59]} 46. Kf2 {[%clk 00:20:57]} {[%emt 00:08:06]} Ne4+ {[%clk 00:23:39]}
{[%emt 00:03:13]} 47. Ke1 {[%clk 00:19:55]} {[%emt 00:01:31]} Ng3 {[%clk
00:22:25]} {[%emt 00:01:44]} 48. Rxh4 {[%clk 00:19:31]} {[%emt 00:00:53]} Nxh1
{[%clk 00:22:41]} {[%emt 00:00:14]} 49. Rxh1 {[%clk 00:19:50]} {[%emt
00:00:11]} Rxf3 {[%clk 00:23:06]} {[%emt 00:00:05]} 50. Rh7+ {[%clk 00:20:01]}
{[%emt 00:00:18]} Kc8 {[%clk 00:22:53]} {[%emt 00:00:43]} 51. Kd2 {[%clk
00:16:39]} {[%emt 00:03:53]} Rxb3 {[%clk 00:22:31]} {[%emt 00:00:52]} 52. Kc2
{[%clk 00:17:08]} {[%emt 00:00:02]} Rg3 {[%clk 00:22:28]} {[%emt 00:00:33]} 53.
d6 {[%clk 00:17:07]} {[%emt 00:00:31]} Rg6 {[%clk 00:21:36]} {[%emt 00:01:22]}
54. c5 {[%clk 00:17:07]} {[%emt 00:00:30]} Rg5 {[%clk 00:21:54]} {[%emt
00:00:12]} 55. Rc7+ {[%clk 00:17:13]} {[%emt 00:00:23]} Kd8 {[%clk 00:22:02]}
{[%emt 00:00:22]} 56. Kc3 {[%clk 00:17:25]} {[%emt 00:00:18]} 1-0

[Event "DEM U16 2024"]
[Site "Willingen GER"]
[Date "2024.05.22"]
[Round "5"]
[White "Asmussen, Johann"]
[Black "Oldenburg, Max Leonard"]
[Result "0-1"]
[Termination "normal"]
[Board "13"]
[WhiteElo "1568"]
[BlackElo "1753"]
[WhiteClock "01:10:29"]
[BlackClock "01:21:29"]
[PlyCount "38"]
[WhiteFideId "16273486"]
[BlackFideId "34660348"]
[EventCountry "GER"]
[EventRounds "9"]
[EventType "swiss"]
[EventDate "2024.05.18"]

1. e4 {[%clk 01:30:59]} c6 {[%clk 01:31:00]} {[%emt 00:00:01]} 2. Nf3 {[%clk
01:31:20]} {[%emt 00:00:08]} d5 {[%clk 01:31:29]} {[%emt 00:00:01]} 3. d3
{[%clk 01:31:37]} {[%emt 00:00:14]} Bg4 {[%clk 01:31:50]} {[%emt 00:00:08]} 4.
h3 {[%clk 01:31:58]} {[%emt 00:00:09]} Bh5 {[%clk 01:31:08]} {[%emt 00:01:12]}
5. Qe2 {[%clk 01:32:14]} {[%emt 00:00:15]} e6 {[%clk 01:30:56]} {[%emt
00:00:41]} 6. g4 {[%clk 01:32:32]} {[%emt 00:00:12]} Bg6 {[%clk 01:31:05]}
{[%emt 00:00:22]} 7. h4 {[%clk 01:32:51]} {[%emt 00:00:10]} h5 {[%clk
01:30:50]} {[%emt 00:00:44]} 8. Ne5 {[%clk 01:33:12]} {[%emt 00:00:10]} dxe4
{[%clk 01:30:01]} {[%emt 00:01:20]} 9. Nxg6 {[%clk 01:33:29]} {[%emt 00:00:12]}
fxg6 {[%clk 01:27:20]} {[%emt 00:03:11]} 10. Qxe4 {[%clk 01:33:37]} {[%emt
00:00:22]} Qf6 {[%clk 01:24:54]} {[%emt 00:02:56]} 11. Bg5 {[%clk 01:21:31]}
{[%emt 00:12:35]} Qxb2 {[%clk 01:19:46]} 12. Qxe6+ {[%clk 01:21:37]} {[%emt
00:06:02]} Ne7 {[%clk 01:20:07]} 13. Bxe7 {[%clk 01:21:47]} {[%emt 00:00:30]}
Bxe7 {[%clk 01:20:36]} 14. Qc8+ {[%clk 01:12:18]} {[%emt 00:10:00]} Kf7 {[%clk
01:21:04]} 15. Qxh8 {[%clk 01:12:13]} {[%emt 00:00:38]} Qxa1 {[%clk 01:21:21]}
{[%emt 00:00:13]} 16. Bg2 {[%clk 01:11:19]} {[%emt 00:01:24]} Qxb1+ {[%clk
01:21:32]} {[%emt 00:00:19]} 17. Kd2 {[%clk 01:11:22]} {[%emt 00:00:26]} Qb4+
{[%clk 01:21:50]} {[%emt 00:00:11]} 18. Ke2 {[%clk 01:11:27]} {[%emt 00:00:26]}
Qxg4+ {[%clk 01:21:29]} {[%emt 00:00:51]} 19. Kf1 {[%clk 01:10:29]} {[%emt
00:01:24]} Qd1# {[%emt 00:00:16]} 0-1